000 01138nam a2200265Ia 4500
003 OSt
005 20220930095114.0
006 a|||||r|||| 00| 0
007 ta
008 220926b |||||||| |||| 00| 0 hin d
024 _a71730
037 _cTheses
040 _aCRL
_cCRL
_bhin
041 _2hin
_ahin
100 _aसपना सारिका, ले.
110 _aदिल्ली विश्वविद्यालय. कला संकाय. बौद्ध अध्ययन विभाग
245 0 _aबुद्धकालीन मगध की सामाजिक एवं आर्थिक व्यवस्था का विश्लेषण
246 _aBuddhakālīn magadh kī sāmājik evan ārthik vyavasthā kā vishleṣhaṇa
260 _c2019
300 _a336पृ0
_ap.
_ccm.
650 _aबौद्ध धर्म
700 _aदिल्ली विश्वविद्यालय. कला संकाय. बौद्ध अध्ययन विभाग
942 _cDIS
_2CC
999 _c888339
_d888339